000 00315nam a22001337a 4500
008 170529b xxu||||| |||| 00| 0 eng d
020 _a9780077263195
041 _aeng
080 _2 4TH
_a621.38
100 _a27
101 _aIM
245 _aFUNDAMENTALS OF ELECTRIC CIRCUITS
_cALEXANDER,CH.K
942 _2udc
_cBK
999 _c14840
_d14840